Основы расчета рудничных компрессорных установок: учебное пособие

Bibliografiske detaljer
Hovedforfatter: Дубровский А. И. Андрей Иванович
Institution som forfatter: Московский горный институт (МГИ) Кафедра горной механики
Sprog:russisk
Udgivet: Москва, [Б. и.], 1958
Fag:
Format: MixedMaterials Bog
KOHA link:https://koha.lib.tpu.ru/cgi-bin/koha/opac-detail.pl?biblionumber=156505

MARC

LEADER 00000nam0a2200000 4500
001 156505
005 20231031153220.0
035 |a (RuTPU)RU\TPU\book\169746 
090 |a 156505 
100 |a 20090328d1958 m y0rusy50 ca 
101 0 |a rus 
102 |a RU 
105 |a a j 000zy 
200 1 |a Основы расчета рудничных компрессорных установок  |e учебное пособие  |f А. И. Дубровский  |g Московский горный институт (МГИ), Кафедра горной механики 
210 |a Москва  |c [Б. и.]  |d 1958 
215 |a 60 с.  |c ил. 
610 1 |a расчет 
610 1 |a рудничные установки 
610 1 |a компрессорные установки 
610 1 |a учебные пособия 
675 |a 622.234.6  |v 3 
700 1 |a Дубровский  |b А. И.  |g Андрей Иванович 
712 0 2 |a Московский горный институт (МГИ)  |b Кафедра горной механики  |c (1930-1962, 1966-1993)  |2 stltpush  |3 (RuTPU)RU\TPU\col\3944 
801 1 |a RU  |b 63413507  |c 20090328  |g PSBO 
801 2 |a RU  |b 63413507  |c 20090716  |g PSBO 
942 |c BK